000 01670cam a2200229 4500500
005 20251214033405.0
041 _afre
042 _adc
100 1 0 _aCailleba, Patrice
_eauthor
700 1 0 _aCharreire-Petit, Sandra
_eauthor
245 0 0 _aThe whistleblower as the personification of a moral and managerial paradox
260 _c2018.
500 _a28
520 _aThe purpose of this essay is to identify those paradoxes personified by the whistleblower. An analysis of the recent evolution of the French and international legislative framework concerning whistleblowers helps us understand what a moral paradox actually is. The general discourse around corporate ethics, the encouragement of initiative-taking and the increasing responsibility of employees, explains, in turn, a managerial paradox. The article explains how the whistleblower embodies both a moral and managerial paradox for the company. We analyze this dual paradox, in the light of recent legal developments which, to a certain extent, reinforce this state of affairs despite their existence. The article aims to better understand the reasons behind the ambiguous discourse of companies on whistleblowers, since this discourse is upheld by the very measures designed to collect and deal with warnings, which in the end... are implemented in the hope that they do not serve their purpose!
690 _aethics
690 _amanagement
690 _amorals
690 _aparadox
690 _awhistleblower
786 0 _nM@n@gement | 21 | 1 | 2018-08-31 | p. 675-690 | 1286-4692
856 4 1 _uhttps://shs.cairn.info/journal-management-2018-1-page-675?lang=en&redirect-ssocas=7080
999 _c1575774
_d1575774